|
|
|
|
| LEADER |
00000cam a2200000 a 4500 |
| 001 |
vtls001061444 |
| 003 |
SK-MaSNL |
| 005 |
20260302030438.0 |
| 008 |
240315s1988 xo f f 00000 slo |
| 015 |
|
|
|a SNBA1990/06
|
| 035 |
|
|
|a SNK000004272
|
| 040 |
|
|
|a SNK
|b slo
|c SNK
|e AACR2
|
| 041 |
0 |
|
|a slo
|
| 044 |
|
|
|a xo
|c SK
|
| 080 |
|
|
|a 681.327-181.4
|2 1981
|
| 100 |
1 |
|
|a Kasič, Gabriel
|4 aut
|9 677225
|
| 245 |
1 |
0 |
|a Práca s pamäťou mikropočítača
|b informatika a výpočtová technika
|c Gabriel Kosič ; aut. ob. Anna Mikulová
|
| 250 |
|
|
|a 1. vyd.
|
| 260 |
|
|
|a Banská Bystrica
|b Učebné pomôcky
|c 1988
|
| 300 |
|
|
|a 36 s.
|c 29 cm
|
| 500 |
|
|
|a Učebná pomôcka pre vyučovanie informatiky a výpočtovej techniky na gymn. a SOŠ
|
| 650 |
0 |
7 |
|a mikropočítače
|2 SNKPH
|9 119517
|
| 650 |
0 |
7 |
|a pameť (výpočtová technika)
|2 SNKPH
|9 677226
|
| 655 |
|
7 |
|a príručky
|2 SNKPH
|9 74364
|
| 700 |
1 |
|
|a Mikulová, Anna
|4 ill
|9 600781
|
| 958 |
|
|
|a OND
|
| 999 |
|
|
|c 1047366
|d 1049296
|
| 952 |
|
|
|a SNK
|b SNK
|y PREZ
|7 0
|p 17A0860447
|o snkSB 46397
|i snkKSP 3723/90
|0 0
|1 0
|4 0
|d 2015-02-06
|l 0
|r 2025-01-31 00:00:00
|w 2026-02-24
|